Casebook on EU environmental law (Record no. 101653)

MARC details
000 -LEADER
fixed length control field 01000cam a2200241 4500
008 - FIXED-LENGTH DATA ELEMENTS--GENERAL INFORMATION
fixed length control field 010921n2002 000 0 eng u
020 ## - INTERNATIONAL STANDARD BOOK NUMBER
International Standard Book Number 1841131725
035 ## - SYSTEM CONTROL NUMBER
System control number (Sirsi) u114740
041 ## - LANGUAGE CODE
Language code of text/sound track or separate title eng.
050 ## - LIBRARY OF CONGRESS CALL NUMBER
Classification number 341.762094
100 ## - MAIN ENTRY--PERSONAL NAME
Personal name Kramer, L.
245 ## - TITLE STATEMENT
Title Casebook on EU environmental law
250 ## - EDITION STATEMENT
Edition statement 2nd ed.
260 ## - PUBLICATION, DISTRIBUTION, ETC.
Place of publication, distribution, etc. Oregon
Name of publisher, distributor, etc. Hart
Date of publication, distribution, etc. 2002
300 ## - PHYSICAL DESCRIPTION
Extent xli,440p.
Dimensions 24cm.
350 ## - PRICE (NR) (BK AM CF MU VM SE) [OBSOLETE]
Price 35
520 ## - SUMMARY, ETC.
Summary, etc. Provides an insight into the jurisdiction of the European Courts. Comments on fifty key judgments which the Court of Justice and the Court of First Instance have given on European Community environmental law. For each judgment, the facts and procedures are described. This is followed by an extract of the essential parts of the judgment and a commentary, which place the judgment into its legal, environmental and political context.
650 ## - SUBJECT ADDED ENTRY--TOPICAL TERM
Topical term or geographic name entry element EU
650 ## - SUBJECT ADDED ENTRY--TOPICAL TERM
Topical term or geographic name entry element ENVIRONMENTAL LAW
650 ## - SUBJECT ADDED ENTRY--TOPICAL TERM
Topical term or geographic name entry element EUROPEAN LAW
690 ## - LOCAL SUBJECT ADDED ENTRY--TOPICAL TERM (OCLC, RLIN)
Topical term or geographic name as entry element ENVIRONMENT-ENVIRONMENTAL LAW
942 ## - ADDED ENTRY ELEMENTS (KOHA)
Suppress in OPAC 0
Holdings
Withdrawn status Lost status Source of classification or shelving scheme Damaged status Not for loan Home library Current library Shelving location Date acquired Cost, normal purchase price Total Checkouts Full call number Barcode Date last seen Date last checked out Copy number Cost, replacement price Price effective from Koha item type
    Dewey Decimal Classification     London London Books 16/09/2002 29.75 10 341.762094 KRA 30066205 06/08/2019 07/02/2005 1 29.75 06/08/2019 Book